=LDR 00000nam 2200000 4500 =001 INLIS000000000035468 =005 20130612141324 =008 ***********************************ind** =035 ##$$0010-061300000035468 =041 ##$$a ind =082 ##$$a 813 =090 ##$$a 813, Kor r =100 ##$$a KORBEL, Kathleen =245 ##$$a Rayuan berbhaya, Kathleen Korbel ; alih bahasa, Linda Buntaran =260 ##$$a 2009 $b Jakarta =300 ##$$a 336 hlm, 18 cm =650 ##$$a Fiksi Indonesia - Terjemahan =700 ##$$a Buntaran, Linda =850 ##$$a NBPNMAT